• 首页
  • 本馆介绍
  • 公告通知
  • 最新文献
  • 馆藏检索
  • 电子资源
  • 读者导购
  • 参考咨询
  • 我的图书馆
  • 登录
  • 详细信息显示
  • 放入我的书架
  • 预约/预借图书
  • 作者相关作品
  • 分类相关作品
  • 丛书相关作品
  • 出版社相关作品

书目信息

  • 表格格式
  • 工作单格式
  • 卡片格式
题名:
山东省教师招聘考试辅导教材
    
 
作者: ;中公教育山东教师招聘考试研究院 编著
分册:   学前教育学科专业知识
出版信息: 济南   山东人民出版社  2020.11
页数: 630页
开本: 29cm
丛书名:
单 册:
中图分类: G451.1 , G615
科图分类:
主题词: 教师--招聘--考核--教材 , 学前教育--幼教人员--招聘--考核--教材
电子资源:
ISBN: 978-7-209-13226-8
000 01062nam0 2200265 45
001 012001001863
005 20140821142426.0
010    @a978-7-209-13226-8@dCNY68.00
100    @a20210322d2020 em y0chiy0110 ea
101 0  @achi
102    @aCN@b370000
105    @ay zq 000yy
106    @ar
200 1  @a山东省教师招聘考试辅导教材@Ashan dong sheng jiao shi zhao pin kao shi fu dao jiao cai@i学前教育学科专业知识@f中公教育山东教师招聘考试研究院编著
210    @a济南@c山东人民出版社@d2020.11
215    @a630页@d29cm
300    @a中公教师 2021全新升级 山东省教师招聘考试备考用书 教材系列
330    @a本书分为六部分,主要内容包括:学前教育学、学前心理学、学前教育心理学、学前卫生学、幼儿园教育活动的设计与指导、学前教育法规。
606 0  @a教师@x招聘@x考核@j教材
606 0  @a学前教育@x幼教人员@x招聘@x考核@j教材
690    @aG451.1@v5
690    @aG615@v5
711 02 @a中公教育山东教师招聘考试研究院@Azhong gong jiao yu shan dong jiao shi zhao pin kao shi yan jiu yuan@4编著
801    @aCN@bAHXH@c20210922
905    @b1249544-7@dG451.1@e471@f4
    
    山东省教师招聘考试辅导教材.学前教育学科专业知识/中公教育山东教师招聘考试研究院编著.-济南:山东人民出版社,2020.11
    630页;29cm
    中公教师 2021全新升级 山东省教师招聘考试备考用书 教材系列
    
    ISBN 978-7-209-13226-8:CNY68.00
    本书分为六部分,主要内容包括:学前教育学、学前心理学、学前教育心理学、学前卫生学、幼儿园教育活动的设计与指导、学前教育法规。
●
相关链接 在E读中查询图书 在五车中查询图书 在当当中查询图书 在豆瓣中查询图书


正题名:山东省教师招聘考试辅导教材     索取号:G451.1/471         预约/预借

序号 登录号 条形码 馆藏地/架位号 状态 备注
1 1249544   212495441   第一样本阅览室/ [索取号:G451.1/471] 在馆    
2 1249545   212495450   第四借阅区/ [索取号:G451.1/471] 在馆    
3 1249546   212495469   第四借阅区/ [索取号:G451.1/471] 在馆    
4 1249547   212495478   第四借阅区/ [索取号:G451.1/471] 在馆    
唐山师范学院图书馆 欢迎您!
大连网信软件有限公司© 版权所有